Central Library OPAC University of Rajshahi

Research methods for business : (Record no. 62497)

MARC details
000 -LEADER
fixed length control field 00804nam a2200253 a 4500
001 - CONTROL NUMBER
control field 62497
003 - CONTROL NUMBER IDENTIFIER
rucl marc code BD-RjUL
005 - DATE AND TIME OF LATEST TRANSACTION
control field 20211209081107.0
008 - FIXED-LENGTH DATA ELEMENTS--GENERAL INFORMATION
fixed length control field 170124s2010 enka b 001 0 eng
020 ## - INTERNATIONAL STANDARD BOOK NUMBER
International Standard Book Number 9780470744796 (pbk.)
035 ## - SYSTEM CONTROL NUMBER
System control number (BD-RjUL)62623
040 ## - CATALOGING SOURCE
Original cataloging agency DLC
Transcribing agency DLC
Modifying agency CDX
-- BD-RjUL
Language of cataloging eng
041 ## - LANGUAGE CODE
Language code of text/sound track or separate title eng
082 00 - DEWEY DECIMAL CLASSIFICATION NUMBER
Classification number 650.072
Edition number 23
Author mark and year SER 2012
100 1# - MAIN ENTRY--PERSONAL NAME
Personal name Sekaran, Uma.
9 (RLIN) 185803
245 10 - TITLE STATEMENT
Title Research methods for business :
Remainder of title a skill-building approach /
Statement of responsibility, etc. Uma Sekaran and Roger Bougie.
250 ## - EDITION STATEMENT
Edition statement 5th ed.
260 ## - PUBLICATION, DISTRIBUTION, ETC. (IMPRINT)
Place of publication, distribution, etc. Chichester :
Name of publisher, distributor, etc. Wiley,
Date of publication, distribution, etc. c2010 [reprinted 2012]
300 ## - PHYSICAL DESCRIPTION
Pagination xx, 468 p. :
Illustrations ill. ;
Size 24 cm.
504 ## - BIBLIOGRAPHY, ETC. NOTE
Bibliography, etc Includes bibliographical references and index.
650 #0 - SUBJECT ADDED ENTRY--TOPICAL TERM
Topical term or geographic name as entry element Business
General subdivision Research
-- Methodology.
9 (RLIN) 182262
700 1# - ADDED ENTRY--PERSONAL NAME
Personal name Bougie, Roger.
942 ## - ADDED ENTRY ELEMENTS (KOHA)
Source of classification or shelving scheme Dewey Decimal Classification
Koha item type Books
Holdings
Lost status Source of classification or shelving scheme Damaged status Not for loan Collection code Permanent Location Current Location Shelving location Date acquired Source of acquisition Cost, normal purchase price Total Checkouts Full call number Date last seen Copy number Koha item type
  Dewey Decimal Classification   Not For Loan Non-fiction Central Library, University of Rajshahi Central Library, University of Rajshahi Reading Room 23/06/2013 Dhaka paragon enterprises ltd. 615.00   650.072 SER 2012 24/01/2017 C-1 Books